Score 0/20 Timer 04:00
0 Plays Today
Hint Answer % Correct
Will SmithDay
99.1%
Will SmithBlack
98.9%
Will SmithWild
98.4%
Chloë Grace MoretzJack
95%
Grace KellyMurder
90.1%
Will FerrellStarsky
88.4%
Chloë Grace MoretzWimpy
87.3%
Grace KellyCatch
86.3%
Will FerrellScreaming
84.7%
Chloë Grace MoretzKick
83.1%
Hint Answer % Correct
Will SmithPursuit
80.1%
Will FerrellStranger
78.5%
Will SmithBad
76.9%
Grace KellyWindow
74%
Grace KellyHigh
73.5%
Chloë Grace MoretzSummer
72.2%
Will FerrellStep
69.9%
Will FerrellLost
64.1%
Grace KellyNoon
57.1%
Chloë Grace MoretzShadows
26.5%

Today's Daily Dose

Remove Ads.
Support Sporcle.
Get the best of Sporcle when you Go Orange. This ad-free experience offers more features, more stats, and more fun while also helping to support Sporcle. Thank you for becoming a member.

You're not logged in!

Compare scores with friends on all Sporcle quizzes.
OR
Log In

Show Comments

Extras

Top Quizzes Today


Score Distribution

Your Account Isn't Verified!

In order to create a playlist on Sporcle, you need to verify the email address you used during registration. Go to your Sporcle Settings to finish the process.

Report this User

Report this user for behavior that violates our Community Guidelines.

Details: